Мова і література: кроки до національної ідентичності (Запис № 580639)
[ простий вигляд ]
| 000 -Лідер | |
|---|---|
| fixed length control field | 02696 a2200313 4500 |
| 001 - Контрольний номер | |
| control field | 2162214035926770 |
| 003 - Ідентифікатор контрольного номера | |
| control field | UA-OsUOA |
| 005 - Дата та час останнього входження (трансакції) | |
| control field | 20260504151430.0 |
| 008 - Елементи даних фіксованої довжини – загальна інформація | |
| fixed length control field | 260504b un ||||| |||| 00| 0 ukr d |
| 020 ## - Міжнародний стандартний книжковий номер (ISBN) | |
| Міжнародний стандартний книжковий номер (ISBN) (НП) | 9665811479 |
| 040 ## - Джерело каталогізації | |
| Агенція оригінальної каталогізації | UA-OsUOA |
| Мова каталогізації | ukr |
| Агенція, яка здійснювала перезапис | UA-OsUOA |
| Агенція, яка здійснювала модифікацію | UA-OsUOA |
| 041 ## - Код мови | |
| Код мови тексту/ звукової доріжки чи окремого заголовка (П) | ukr |
| 080 ## - Індекс Універсальної десяткової класифікації | |
| Індекс Універсальної десяткової класифікації (УДК) (НП) | 82.09 |
| 090 ## - Локальний шифр розміщення | |
| Класифікаційний індекс УДК | 82.09 |
| Авторський знак (НП) | М74 |
| 110 ## - Наймення організації – загальна інформація | |
| Найменування колективу або юрисдикції як початковий елемент введення | Київський університет імені Тараса Шевченка |
| 9 (RLIN) | 25167 |
| 245 ## - Відомості про назву | |
| Назва (НП) | Мова і література: кроки до національної ідентичності |
| Дані про відповідальність (НП) | Ред. колегія: М. К. Наєнко, А. О. Ткаченко, Н. М. Гаєвська та ін. |
| 250 ## - Відомості про видання (редакцію) | |
| Відомості про видання (редакцію) (НП) | Випуск 2 |
| 260 ## - Публікація, розповсюдження і т.п. (Вихідні дані) | |
| Місце публікації, розповсюдження і т.п. (П) | Київ |
| Ім’я/ наймення видавництва, розповсюджувача і т.п. (П) | Видавничий центр "Київський університет" |
| Дата публікації, розповсюдження і т.п. (П) | 1999 |
| 300 ## - Фізичний опис | |
| Обсяг | 75 с. |
| 490 ## - Область серії | |
| Назва серії | Філологічні семінари |
| Позначення і номер тому / порядкове позначення | Випуск 2 |
| 520 ## - Резюме і т.п. | |
| Резюме, реферат, анотація, тощо (НП) | У збірнику вміщено наукові студії учасників філологічного семінару "Теоретичні й методологічні проблеми літературознавство". Діяльність цього семінару (див. вип. 1) відновлено в Київському університеті за участю Українського наукового інституту Гарвардського університету, Варшавського університету, Тбіліського університету та Інституту літератури імені Тараса Шевченка НАН України. 24 грудня 1998 року відбулося четверте засідання семінару. Обговорено тему: "мова і література: кроки до національної ідентичності". У контексті заявленної теми йшлося про широке коло філологічних проблем, тією чи іншою мірою дотичних до заявленої.<br/>Висловленні думки однаково зацікавлять і науковців академічного "профілю", і викладачів вищої школи, і аспірантів та студентів філологів. |
| 650 ## - Додаткове предметне введення – тематичний термін | |
| Тематичний термін чи географічна назва, як елемент введення (НП) | 82 Література. Літературознавство |
| 9 (RLIN) | 15 |
| 700 1# - Додаткове введення – ім'я особи | |
| Ім’я особи (НП) | Наєнко М. К. |
| 9 (RLIN) | 25165 |
| 700 1# - Додаткове введення – ім'я особи | |
| Ім’я особи (НП) | Ткаченко А. О. |
| 9 (RLIN) | 25166 |
| 700 1# - Додаткове введення – ім'я особи | |
| Ім’я особи (НП) | Гаєвська Н. М. |
| 9 (RLIN) | 20878 |
| 942 ## - Додаткові елементи входу (Коха) | |
| Тип елемента Koha | Книги |
| Source of classification or shelving scheme | Universal Decimal Classification |
| 955 ## - Код типу видання за змістом | |
| Код типу видання за змістом (НП) | Наукові видання |
| Стан вилучень | Стан втрат | Джерело класифікації або схеми стелажів | Стан уражень | Не для кредиту | Код колекції | Постійне місце розташування | Поточне розміщення | Дата придбання | Джерело придбання | Вартість, звичайна ціна покупки | Інвентарний номер | Усього замовленно | Повний номер виклику | Штрих-код | Дата останнього перегляду | Вартість, ціна заміни | Ціна ефективна від | Тип елемента Koha |
|---|---|---|---|---|---|---|---|---|---|---|---|---|---|---|---|---|---|---|
| Universal Decimal Classification | Колекція Шевчука Валерія | АБ - Абонемент НБ | АБ - Абонемент НБ | 04/05/2026 | Акт №24/28.04.2026 | 15.00 | 169896 | 82.09 М74 | 169896 | 04/05/2026 | 15.00 | 04/05/2026 | Книги |